000 nam a22 a 4500
999 _c2835
_d2835
003 AKMAL
005 20170518112835.0
008 170518t1985 -us 00 eng d
020 _a0534043178 (pbk.)
040 _aAKMAL
_cAKMAL
082 0 4 _a651.74 WEL
090 0 0 _a651.74
_bWEL
100 1 _aWells, Walter
_95981
245 1 0 _aCommunications in Bussiness /
_cWalter Wells
250 _a4th ed.
260 _aBoston,USA :
_bKent Publishing,
_c1985
300 0 0 _axvii, 630p. :
_bill. ;
_c24cm
500 _aIncludes index
650 0 _aCommercial correspondence
_95982
650 0 _aBusiness report writing
_94862
942 _2ddc
_cBOOK